000 00444nam a2200193Ia 4500
005 20240823051159.0
008 240823s9999||||xx |||||||||||||| ||und||
020 _a81-264-1090-6
041 _aMALAYALAM
082 _A158.1 Q2
100 _aVarghese P A
245 0 _aN L P Enna Vijayamanthram
250 _a1st
260 _c2012
_b"D C Books,Kot"
500 _aYES
650 _aMotivation
_bGeneral
942 _cBK
999 _c218977
_d218977